Quantitative fish dynamics
Bewaard in:
| Hoofdauteurs: | , |
|---|---|
| Formaat: | Boek |
| Taal: | Engels |
| Gepubliceerd in: |
Nueva York
Oxford University Press
1999
|
| Reeks: | Biological Resource Management Series
|
| Onderwerpen: | |
| Tags: |
Voeg label toe
Geen labels, Wees de eerste die dit record labelt!
|
MARC
| LEADER | 00000nam a2200000 a 4500 | ||
|---|---|---|---|
| 001 | UCP6769 | ||
| 003 | CL-VaPUC | ||
| 008 | 991119e19990000US |||||||||||||||||eng|d | ||
| 082 | 0 | 4 | |a 597.17 |b QUI |2 21 |
| 100 | 0 | |a Quinn II, Terrance J |e author |9 436037 | |
| 700 | 0 | |a Deriso, Richard B |e author |9 436038 | |
| 245 | 1 | 0 | |a Quantitative fish dynamics |
| 300 | |a 542 p | ||
| 942 | |c BK | ||
| 945 | |d 19991119 00:00:00 |a rbrito | ||
| 260 | |a Nueva York |b Oxford University Press |c 1999 | ||
| 650 | 7 | |a PECES |2 CL-VaPUC |9 436039 | |
| 650 | 0 | |a Cultivo |9 264268 | |
| 650 | 7 | |a MORTALIDAD |2 CL-VaPUC |9 341601 | |
| 650 | 7 | |a FECUNDIDAD |2 CL-VaPUC |9 335136 | |
| 650 | 0 | |a Migraciones |9 377610 | |
| 583 | |a last modification |c 19991119 00:00:00 |k Rodrigo Vera | ||
| 490 | 0 | |a Biological Resource Management Series | |
| 999 | |c 284208 |d 284206 | ||
| 952 | |0 0 |1 0 |4 0 |6 597_170000000000000_QUI_1999 |7 0 |8 CCM |9 327990 |a BIBCUR |b BIBCUR |d 2019-11-20 |i 358061K |l 1 |o 597.17 QUI 1999 |p 358061K |r 2025-04-22 |s 2024-06-05 |w 2019-11-20 |y BK |k RNT | ||